[Event "Match"]
[Site "www.echecsemail.com"]
[Date "2024.04.19"]
[Round "1"]
[White "Apdash"]
[Black "Rettuc"]
[WhiteElo "2080"]
[BlackElo "2230"]
[Result "0-1"]
[Round "1"]
1.d4 Ng8f6
2.c4 e5
3.Bc1g5 exd4
4.Qd1xd4 Nb8c6
5.Qd4f4 Bf8b4
6.Nb1d2 b6
7.Bg5xf6 Qd8xf6
8.Qf4xf6 Bb4xd2
9.Kxd2 gxf6
10.e3 Bc8b7
11.Ra1d1 O-O-O
12.f3 d5
13.Kc1 dxc4
14.Bf1xc4 Rd8xd1
15.Kxd1 Rh8g8
16.g3 Nc6e5
17.Bc4e2 Ne5g4
18.Ng1h3 Ng4xe3
19.Kd2 Ne3f5
20.Rh1c1 Nf5d4
21.f4 Nd4xe2
22.Kxe2 Rg8e8
23.Kf2 Bb7a6
24.Rc1c2 Ba6d3
25.Rc2d2 Bd3f5
26.Nh3g1 c5
27.h3 h5
28.Rd2d5 Bf5e6
29.Rd5xh5 Be6xa2
30.g4 Re8e4
31.Rh5f5 Re4b4
32.Rf5xf6 Rb4xb2
33.Kg3 Ba2d5
34.h4 Rb2g2
35.Kh3 Rg2xg1
36.h5 c4
37.Rf6d6 Rg1h1
38.Kg3 Bd5b7
39.h6 c3
40.Rd6d3 Rh1xh6
41.Rd3xc3 Rh6c6
42.Rc3e3 Kd7
43.f5 a5
44.g5 a4
45.Re3e1 Rc6c3
46.Kf4 a3
47.g6 fxg6
48.fxg6 a2
49.g7 Rc3c8
50.Kg5 b5
51.Kf6 b4
52.Re1d1 Kc7
53.Rd1c1 Bb7c6
54.Kf7 b3
55.g8Q Rc8xg8
56.Kxg8 b2
57.Rc1c2 b1Q

0-1

[Event "1st Vladutzs Tournament"]
[Site "www.echecsemail.com"]
[Date "2024.04.20"]
[Round "1"]
[White "D4minance"]
[Black "Jerome"]
[WhiteElo "2680"]
[BlackElo "2630"]
[Result "1/2-1/2"]
[Round "1"]
1.d4 Ng8f6
2.c4 g6
3.Nb1c3 d5
4.Ng1f3 Bf8g7
5.Qd1b3 dxc4
6.Qb3xc4 O-O
7.e4 a6
8.Bf1e2 b5
9.Qc4b3 c5
10.dxc5 Bc8e6
11.Qb3c2 Nb8d7
12.Bc1e3 Ra8c8
13.Ra1d1 b4
14.Nc3d5 Be6xd5
15.exd5 Nd7xc5
16.O-O a5
17.Rf1e1 Nc5d7
18.Qc2d2 Nf6e4
19.Qd2d3 Ne4c5
20.Qd3d2 Nc5e4
21.Qd2d3 Ne4c5
22.Qd3b5 Bg7xb2
23.Nf3d4 Bb2xd4
24.Be3xd4 Rc8b8
25.Qb5c4 Nc5a4
26.Qc4c6 Na4c3
27.Bd4xc3 bxc3
28.Qc6xc3 Nd7f6
29.Be2f3 h5
30.g3 Rb8c8
31.Qc3a3 Rf8e8
32.Re1e3 
1/2-1/2

[Event "Tourn. n10942"]
[Site "www.chess-mail.com"]
[Date "2024.04.20"]
[Round "1"]
[White "Numanoid"]
[Black "Legrognard"]
[WhiteElo "2620"]
[BlackElo "2450"]
[Result "1-0"]
[Round "1"]
1.e4 c5
2.Ng1f3 Nb8c6
3.d4 cxd4
4.Nf3xd4 Ng8f6
5.Nb1c3 d6
6.Bf1c4 e6
7.Bc1e3 Bc8d7
8.Bc4b3 Nc6xd4
9.Qd1xd4 Bd7c6
10.O-O-O Nf6g4
11.f4 Ng4xe3
12.Qd4xe3 Bf8e7
13.Kb1 O-O
14.f5 exf5
15.exf5 Be7f6
16.Nc3d5 Rf8e8
17.Qe3f2 Re8e5
18.Rh1e1 Bc6xd5
19.Bb3xd5 Qd8a5
20.Re1xe5 Bf6xe5
21.c3 Qa5b5
22.Bd5b3 
1-0